000 01980cam a2200505 i 4500
999 _c5145
_d5145
001 20386240
003 OSt
005 20250702150542.0
008 180305t20172017ilua b 000 1 eng d
010 _a 2017486430
020 _a9780807516904
035 _a20386240
035 _a(OCoLC)974674492
040 _aBTCTA
_beng
_cBTCTA
_erda
_dYDX
_dBDX
_dIMF
_dBKL
_dOI6
_dWIMVL
_dCHILD
_dNYP
_dTNH
_dOCLCQ
_dILC
_dTXHUT
_dOCL
_dOCLCQ
_dGRC
_dOCLCO
_dIGA
_dDLC
_dDLC
042 _alccopycat
_alcac
050 0 0 _aPZ8.3.F88
_bDo 2017
082 0 0 _aE FIC RAN
_223
100 1 _aFreedman, Claire,
_eauthor.
245 1 0 _aDon't wake the yeti! /
_cClaire Freedman ; pictures by Claudia Ranucci.
246 3 _aDo not wake the yeti!
264 1 _aChicago, Illinois :
_bAlbert Whitman & Company,
_c2017.
264 4 _c©2017
300 _a1 volume (unpaged) :
_bcolor illustrations ;
_c26 cm
336 _atext
_btxt
_2rdacontent
336 _astill image
_bsti
_2rdacontent
337 _aunmediated
_bn
_2rdamedia
338 _avolume
_bnc
_2rdacarrier
500 _a"First published in Great Britain in 2017 by Scholastic Children's Books"--Title page verso.
520 _aRhyming couplets describe the care and feeding of yetis.
650 0 _aStories in rhyme.
650 0 _aYeti
_vJuvenile fiction.
650 0 _aPets
_vJuvenile fiction.
650 0 _aFriendship
_vJuvenile fiction.
650 1 _aStories in rhyme.
650 1 _aYeti
_vFiction.
650 1 _aPets
_vFiction.
650 1 _aFriendship
_vFiction.
655 7 _aFiction.
_2lcgft
_0https://id.loc.gov/authorities/genreForms/gf2014026339
655 7 _aFiction.
_2lcgft
_0https://id.loc.gov/authorities/genreForms/gf2014026339
700 1 _aRanucci, Claudia,
_d1973-
_eillustrator.
906 _a7
_bcbc
_ccopycat
_d2
_encip
_f20
_gy-gencatlg
942 _2ddc
_cFIC